000 01301nam a2200241Ia 4500
003 Ost
005 20260507075500.0
008 260507s9999||||xx |||||||||||||| ||und||
020 _a1699004469
040 _cfsecg
041 _aara
082 _a330
100 _aصخري، عمر
_eمؤلف
245 0 _aالتحليل الإقتصادي الكلي(الاقتصاد الكلي) /
_c عمر صخري
250 _aطبعة 6
260 _aالجزائر:
_bديوان المطبوعات الجامعية,
_c2008
300 _a298 صفحة؛
_bإيضاحات ؛
_c22 سم
504 _aببليوغرافيا:ص ص.295-298
520 _aماهية ومفهوم التحليل الاقتصادي الكلي،التحليل الإقتصادي الكلي والناتج الوطني،الإقتصاد الكلي الكلاسيكي،المدخل إلى نظرية تحديد الدخل الوطني،تقلبات الدخل الوطني،الحكومة ونظرية تحديد الدخل الوطني،العالم الخارجي ونظرية تحديد الدخل الوطني،نظريات الإستهلاك،نظرية الإستثمار،التوازن في سوق السلع
653 _aالاقتصاد التحليلي
653 _aالاقتصاد الكلي
942 _cكتاب
999 _c44688
_d44688